Anatomy of a PC - Statistics

General Stats
  • This quiz has been taken 28 times
  • The average score is 5 of 7
Answers on the Map
Answers color-coded by a green-red scale on the quiz's map according to % correct below.
 
Answer Stats
Answer % Correct
motherboard
91%
Ram
91%
gpu
87%
Case
70%
Cooler
61%
psu
48%
Storage
43%
No matching quizzes found
Score Distribution
Percent of People with Each Score
Percentile by Number Answered
Your Score History
You have not taken this quiz